000 00298nam a22001337a 4500
008 190305b xxu||||| |||| 00| 0 eng d
020 _a9781506362823
041 _aeng
080 _a070
100 _a40
101 _aMK
245 _aPrinciples of Public Speaking
_cEdwards,A
942 _2udc
_cBK
999 _c54587
_d54587